000 00908nam a2200289 i 4500
001 192748
003 ES-MaACL
005 20240229063331.0
007 ta
008 230518e2018ag |||||||| |||| 00| 0 spa d
020 _a9789874559662
040 _bspa
_cES-MaACL
100 _aAzor, Ariel
_eaut
_9235382
245 1 0 _aÁcido :
_bcuentos /
_cAriel Azor.
250 _a1ª ed. revisada
264 1 _aBuenos Aires :
_bAbsentha,
_c2018
300 _a220 páginas ;
_c20 cm
336 _2rdacontent
_aTexto
337 _2rdamedia
_asin mediación
338 _2rdacarrier
_avolumen
655 7 _aCuentos
_9226829
852 _aES-MaACL
_9200042
_bR.154391
_cDEPO2
_jN-8341
_xDonación: Ariel Azor
_zDedicatoria autógrafa del autor
903 _9193672
_aAzor, Ariel
_ednr
942 _n0
_cMONOGRAFIA
999 _c192748
_d192748